Catalog

Record Details

Catalog Search



Prisoner of lies : Jack Downey's Cold War / Barry ... Read More

Werth, Barry,(author.).

Available copies

  • 1 of 1 copy available at LARL/NWRL Consortium.

Current holds

0 current holds with 1 total copy.

Show All Copies
Location Call Number / Copy Notes Barcode Shelving Location Status Due Date
Mahnomen Public Library 951.9042 WER (Text) 33500014045462 Main Available -

Record details

  • ISBN: 9781501153976
  • ISBN: 1501153978
  • Physical Description: xx, 422 pages ; 24 cm
  • Edition: First Simon & Schuster hardcover edition.
  • Publisher: New York, NY : Simon & Schuster, 2024.

Content descriptions

Bibliography, etc. Note:
Includes bibliographical references (pages ... Read More
Summary, etc.:
John (Jack) Downey, Jr., was a new Yale graduate ... Read More
Subject: Downey, John T., 1930-2014.
Korean War, 1950-1953 > Secret service > United States.
United States. Central Intelligence Agency > Officials and employees > Biography.
Korean War, 1950-1953 > Prisoners and prisons, Chinese.
Prisoners of war > United States > Biography.
Prisoners of war > China > Biography.
Korean War, 1950-1953 > Military intelligence > United States.
New Haven County (Conn.) > Biography.
Cold War.
LDR 03555cam a2200481 i 4500
001440847
003LARL_NWRL_CONSORTIUM
00520240821221838.0
008231021s2024 nyu b 001 0 eng d
040 . ‡aYDX ‡beng ‡erda ‡cYDX ‡dBDX ‡dAZH ‡dOCO ‡dIEB ‡dOCLCO ‡dJAS
020 . ‡a9781501153976 ‡q(hardcover)
020 . ‡a1501153978 ‡q(hardcover)
035 . ‡a(OCoLC)1405188606
043 . ‡an-us--- ‡an-us-ct
08204. ‡a327
08204. ‡a951.904/28 ‡223/eng/20240731
08204. ‡a951.904/27 ‡223/eng/20240814
1001 . ‡aWerth, Barry, ‡eauthor. ‡1https://id.oclc.org/worldcat/entity/E39PBJcKQrTqQQKtX7qkkTcdcP ‡0(LARL_NWRL_CONSORTIUM)112111
24510. ‡aPrisoner of lies : ‡bJack Downey's Cold War / ‡cBarry Werth.
250 . ‡aFirst Simon & Schuster hardcover edition.
264 1. ‡aNew York, NY : ‡bSimon & Schuster, ‡c2024.
300 . ‡axx, 422 pages ; ‡c24 cm
336 . ‡atext ‡btxt ‡2rdacontent
337 . ‡aunmediated ‡bn ‡2rdamedia
338 . ‡avolume ‡bnc ‡2rdacarrier
504 . ‡aIncludes bibliographical references (pages 379-403) and index.
520 . ‡aJohn (Jack) Downey, Jr., was a new Yale graduate in the post-World War II years who, like other Yale grads, was recruited by the young CIA. He joined the Agency and was sent to Japan in 1952, during the Korean War. In a violation of protocol, he took part in an air drop that failed and was captured over China. His sources on the ground had been compromised, and his identity was known. Although he first tried to deny who he was, he eventually admitted the truth. But government policy forbade ever acknowledging the identity of spies, no matter the consequences. Washington invented a fictitious cover story and stood by it through four Administrations. As a result, Downey was imprisoned during the decades that Red China, as it was called, was considered by the US to be a hostile nation, until 1973, when the US finally recognized the mainland Chinese government. He had spent twenty-one years in captivity. Downey would go on to become a lawyer and an esteemed judge in Connecticut, his home state. Prisoner of Lies is based in part on a prison memoir that Downey wrote several years after his release. Barry Werth fluently weaves excerpts from the memoir with the Cold War events that determined Downey's fate. Like a le Carré novel, this is a harrowing, chilling story of one man whose life is at the mercy of larger forces outside of his control; in Downey's case as a pawn of the Cold War, and more specifically the Oval Office and the State Department. His freedom came only when US foreign policy dramatically changed. Above all, Prisoner of Lies is an inspiring story of remarkable fortitude and resilience.
60010. ‡aDowney, John T., ‡d1930-2014.
650 0. ‡aKorean War, 1950-1953 ‡xSecret service ‡zUnited States.
61010. ‡aUnited States. ‡bCentral Intelligence Agency ‡xOfficials and employees ‡vBiography.
650 0. ‡aKorean War, 1950-1953 ‡xPrisoners and prisons, Chinese.
650 0. ‡aPrisoners of war ‡zUnited States ‡vBiography. ‡0(LARL_NWRL_CONSORTIUM)166658
650 0. ‡aPrisoners of war ‡zChina ‡vBiography.
650 0. ‡aKorean War, 1950-1953 ‡xMilitary intelligence ‡zUnited States.
651 0. ‡aNew Haven County (Conn.) ‡vBiography.
650 0. ‡aCold War. ‡0(LARL_NWRL_CONSORTIUM)36741
901 . ‡a440847 ‡bOCoLC ‡c440847 ‡tbiblio ‡soclc

Additional Resources